Statystyki dla Rodzaje z rzędu drapieżnych

Kliknij tutaj aby rozwiązać quiz!

Ogólne statystyki

  • Ten quiz został rozwiązany 76 razy
  • Średni wynik to 13 z 124

Statystyki odpowiedzi

Odpowiedź% Poprawnych
Lampart (lew, tygrys, irbis, jaguar)
95%
Wilk (szakal, kojot, dingo, kaberu)
92%
Lis (fenek)
80%
Kot (żbik)
75%
Hiena
66%
Niedźwiedź
65%
Ryś
62%
Gepard
60%
Puma (jaguarundi)
55%
Pantera
48%
Kuna
45%
Łasica (gronostaj, norka, tchórz)
38%
Borsuk
37%
Szop
31%
Wydra
28%
Ocelot
28%
Foka
28%
Jenot
28%
Mors
25%
Panda
25%
Rosomak
22%
Skunks
17%
Likaon
17%
Serwal
15%
Uchatka
15%
Surykatka
14%
Mirunga
12%
Karakal
11%
Amfitryta
9%
Fossa
8%
Ratel
8%
Ostronos
6%
Kotik
6%
Wargacz
6%
Nerpa
6%
Mangusta
6%
Cyjon
6%
Żeneta
5%
Cyweta
5%
Binturong
5%
Kałan
5%
Uszanka
3%
Weddelka
3%
Szarytka
3%
Łaskun
3%
Galidia
3%
Mniszka
3%
Pandka
3%
Biruang
3%
Krokuta
3%
Pampasowiec
3%
Wiwera
3%
Otocjon
3%
Skunksowiec
3%
Fetornik
3%
Skunksik
3%
Kunołaz
3%
Wyderka
3%
Wydrzyca
3%
Protel
3%
Wizon
3%
Fanaloka
3%
Linzang
3%
Falanruk
3%
Mangustka
2%
Salanoja
2%
Kuman
2%
Pasówka
2%
Mormi
2%
Mangusteczka
2%
Kotek
2%
Manul
2%
Koticzak
2%
Balizuar
2%
Kinkażu
2%
Zorilla
2%
Ryjonos
2%
Borsucznik
2%
Kapturnik
2%
Olingo
2%
Arirania
2%
Szopik
2%
Andoniedźwiedź
2%
Hirara
2%
Wydrak
2%
Urocjon
2%
Pakożer
2%
Uchatek
2%
Krabojad
2%
Majkong
2%
Fokowąs
2%
Paguma
0%
Łaskunek
0%
Nandinia
0%
Pojana
0%
Łaskuniak
0%
Mangatka
0%
Kunołaziec
0%
Mampalon
0%
Łaszak
0%
Mangustoryjka
0%
Foczka
0%
Mungo
0%
Wilczek
0%
Nibylis
0%
Grizon
0%
Grizonek
0%
Zorilka
0%
Perewiaska
0%
Ostronosek
0%
Otarka
0%
Maoryszanka
0%
Kajgulik
0%
Liberyjka
0%
Lodofoka
0%
Lamparcik
0%
Złotokot
0%
Wanzyr
0%
Warcz
0%
Mangustolisek
0%
Mangustowiec
0%
Galerelka
0%
Ichneumonka
0%
Wiwerka
0%

Rozkład punktacji

Percentyl według liczby udzielonych odpowiedzi

Procent ludzi z każdym wynikiem

Twoja historia wyników

Nie rozwiązałeś tego quizu